Philo of Alexandria: an annotated bibliography 1997 - 2006 with addenda for 1987 - 1996
MARC
| LEADER | 00000cam a2200000 c 4500 | ||
|---|---|---|---|
| 001 | 667125116 | ||
| 003 | DE-627 | ||
| 005 | 20251223230131.0 | ||
| 007 | tu | ||
| 008 | 110824s2012 ne ||||| b 00| ||eng c | ||
| 010 | |a 2011034510 | ||
| 016 | 7 | |a 015956539 |2 UK | |
| 020 | |a 9789004210806 |c hardback : alk. paper |9 978-90-04-21080-6 | ||
| 024 | 3 | |a 9789004210806 | |
| 035 | |a (DE-627)667125116 | ||
| 035 | |a (DE-576)353460060 | ||
| 035 | |a (DE-599)GBV667125116 | ||
| 035 | |a (OCoLC)767947892 | ||
| 035 | |a (OCoLC)767947892 | ||
| 040 | |a DE-627 |b ger |c DE-627 |e rakwb | ||
| 041 | |a eng | ||
| 044 | |c XA-NL |c XD-US | ||
| 050 | 0 | |a Z8685 | |
| 050 | 0 | |a B689.Z7 | |
| 050 | 0 | |a B689.Z7 | |
| 082 | 0 | |a 016.181/06 |q LOC |2 23 | |
| 082 | 0 | |a 016.18106 |q OCLC | |
| 084 | |a 6,12 |2 ssgn | ||
| 084 | |a 1 |2 ssgn | ||
| 084 | |a FH 57348 |q BVB |2 rvk |0 (DE-625)rvk/31819:11626 | ||
| 084 | |a BD 2560 |q BVB |2 rvk |0 (DE-625)rvk/9886: | ||
| 084 | |a 11.21 |2 bkl | ||
| 084 | |a 11.48 |2 bkl | ||
| 084 | |a 08.21 |2 bkl | ||
| 090 | |a a | ||
| 100 | 1 | |0 (DE-588)113181515 |0 (DE-627)602582334 |0 (DE-576)307677451 |4 aut |a Runia, David T. |d 1951- | |
| 109 | |a Runia, David T. 1951- |a Runia, Douwe Theunis 1951- |a Runia, David 1951- |a Runia, D. T. 1951- |a Runia, David Theunis 1951- | ||
| 245 | 1 | 0 | |a Philo of Alexandria |b an annotated bibliography 1997 - 2006 with addenda for 1987 - 1996 |c by David T. Runia. In collaboration with the international Philo bibliography project |
| 263 | |a Erscheint: 01. Dezember 2011 | ||
| 264 | 1 | |a Leiden [u.a.] |b Brill |c 2012 | |
| 300 | |a XXV, 492 S. | ||
| 336 | |a Text |b txt |2 rdacontent | ||
| 337 | |a ohne Hilfsmittel zu benutzen |b n |2 rdamedia | ||
| 338 | |a Band |b nc |2 rdacarrier | ||
| 490 | 1 | |a Supplements to Vigiliae Christianae |v Vol. 109 | |
| 500 | |a Includes bibliographical references and index. - Bildet Forts. zu: Radice, Roberto: Philo of Alexandria : an annotated bibliography, 1987 - 1996 | ||
| 583 | 1 | |a Archivierung/Langzeitarchivierung gewährleistet |f SSG |x XA-DE-BW |2 pdager |5 DE-21 | |
| 583 | 1 | |a Archivierung prüfen |c 20240324 |f DE-4165 |z 2 |2 pdager | |
| 600 | 1 | 0 | |a Philo |c of Alexandria |v Bibliography |
| 601 | |a Alexandria | ||
| 655 | 7 | |a Bibliografie |y 1987-2006 |0 (DE-588)4006432-3 |0 (DE-627)104814519 |0 (DE-576)208865578 |2 gnd-content | |
| 655 | 7 | |a Bibliografie |0 (DE-588)4006432-3 |0 (DE-627)104814519 |0 (DE-576)208865578 |2 gnd-content | |
| 689 | 0 | 0 | |d p |0 (DE-588)118594001 |0 (DE-627)079387020 |0 (DE-576)209066822 |2 gnd |a Philo |c Alexandrinus |d v25-40 |
| 689 | 0 | |5 (DE-627) | |
| 787 | 0 | 8 | |i Rezensiert in |a Leonhardt-Balzer, Jutta, 1971 - |t Philo of Alexandria. An Annotated Bibliog-raphy 1997–2006 with Addenda for 1987–1996. In collaboration with The International Philo Bibliography Project: E. Birnbaum, K. A. Fox, A. C. Geljon, M. R. J. Hofstede, H. M. Keizer, J. P. Martín, M. R. Niehoff, R. Radice, J. Riaud, K.-G. Sandelin, D. Satran, G. Schimanowski, T. Seland, D. Zeller |d 2013 |w (DE-627)1797978616 |
| 830 | 0 | |a Vigiliae Christianae |p Supplements to Vigiliae Christianae |v 109 |9 109 |w (DE-627)129863246 |w (DE-576)015176142 |w (DE-600)284090-X |x 0920-623X |7 am | |
| 856 | 4 | 2 | |u https://swbplus.bsz-bw.de/bsz353460060inh.htm |m B:DE-576;DE-21 |q application/pdf |v 20111202134625 |x Verlag |3 Inhaltsverzeichnis |7 1 |
| 856 | 4 | 2 | |u https://swbplus.bsz-bw.de/bsz353460060kla.htm |m B:DE-576;DE-21 |q application/pdf |v 20111202134625 |x Verlag |3 Klappentext |7 1 |
| 935 | |a mteo | ||
| 935 | |i sf | ||
| 935 | |i Blocktest | ||
| 936 | r | v | |a FH 57348 |b Bibliografien |k Klassische Philologie. Byzantinistik. Mittellateinische und Neugriechische Philologie. Neulatein |k Griechische Autoren und Anonyma |k Autoren |k Kaiserzeit (ca. 30 v. Chr. - 6. Jahrhundert n. Chr.) |k Philo <Alexandrinus> (Iudaeus, 25/10 v.Chr. - 40/50 n.Chr.) |k Bibliografien |0 (DE-627)1272334538 |0 (DE-625)rvk/31819:11626 |0 (DE-576)202334538 |
| 936 | r | v | |a BD 2560 |b Darstellungen |k Theologie und Religionswissenschaften |k Judaistik |k Religions- und Kulturgeschichte der Juden |k Frühes Judentum (bis ca. 70 n. Chr.) |k Philo <Alexandrinus> |k Darstellungen |0 (DE-627)1270714783 |0 (DE-625)rvk/9886: |0 (DE-576)200714783 |
| 936 | b | k | |a 11.21 |j Prärabbinisches Judentum |0 (DE-627)106402803 |
| 936 | b | k | |a 11.48 |j Kulturgeschichtlicher Hintergrund |x Neues Testament |0 (DE-627)106404229 |
| 936 | b | k | |a 08.21 |j Griechische Philosophie |j römische Philosophie |0 (DE-627)106402579 |
| 951 | |a BO | ||
| BIB | |a 1 | ||
| ELC | |b 1 | ||
| ITA | |a 1 |t 1 | ||
| LOK | |0 000 xxxxxcx a22 zn 4500 | ||
| LOK | |0 001 3180077131 | ||
| LOK | |0 003 DE-627 | ||
| LOK | |0 004 667125116 | ||
| LOK | |0 005 20111129080641 | ||
| LOK | |0 008 111122||||||||||||||||ger||||||| | ||
| LOK | |0 040 |a DE-21 |c DE-627 |d DE-21 | ||
| LOK | |0 852 |a DE-21 | ||
| LOK | |0 852 1 |c 51 A 10343 |9 00 | ||
| LOK | |0 935 |a theo | ||
| LOK | |0 936ln |a t3.1 | ||
| LOK | |0 938 |a 1111 |f 2 | ||
| LOK | |0 939 |a 22-11-11 |b l01 | ||
| ORI | |a SA-MARC-ixtheoa001.raw | ||
| REL | |a 1 | ||
| SUB | |a BIB |a REL | ||
| SYG | 0 | 0 | |a Philon,dÁlexandrie,v25-40,Fîlôn,v25-40,P'ilo,Ebrayec'i,v25-40,P'ilon,Ebrayec'i,v25-40,P'ilo,Ebravec'i,v25-40,Philon,Ebrajec̣i,v25-40,Philo,Mosaicus,v25-40,Philon,Alexandrinus,v25-40,Fîlôn,ha-Aleksandrônî,v25-40,Philo,aus Alexandria,v25-40,Philon,von Alexandria,v25-40,Pseudo-Philo,von Alexandrien,v25-40,Pseudo-Philon,v25-40,Pseudo-Philo,v25-40,Philo,Judaeus Alexandrinus,v25-40,Philōn,o Alexandreus,v25-40,Philo,von Alexandrien,v25-40,Philo,of Alexandria,v25-40,Philo,von Alexandria,v25-40,Philo,Iudaeus Alexandrinus,v25-40,Philo,Judaeus,v25-40,Philo,a Jew,v25-40,Philo,der Jude,v25-40,Philo,Iudaeus,v25-40,Philo,Hebraeus,v25-40,Philo,Philosophus,v25-40,Philo,v25-40,Philon,v25-40,Philon,von Alexandreia,v25-40,Philon,von Alexandrien,v25-40,Philon,Judaeus,v25-40,Philon,le Juif,v25-40,Philon,Hebrajeci,v25-40,Filone,Teologo,v25-40,Filone,Filosofo,v25-40,Filone,Hebreo,v25-40,Philus,Judaeus,v25-40,Philon,d'Alexandrie,v25-40,Filone,di Alessandria,v25-40,Pseudo-Philo,Alexandrinus,v25-40,Filon,z Aleksandrii,v25-40,Filone,Alessandrino,v25-40,Filone,Hebraeo,v25-40,Fîlôn,hā-'Aleksandrônî,v25-40,Philo,Ebrayec'i,v25-40,Philo,de Joode,v25-40,Philon,Iudaios,v25-40,Philon,Judaios,v25-40,Philonianus,v25-40,Philonius,v25-40,Philonis Alexandrini,v25-40,Judaeus, Philo,v25-40 |
| TIM | |a 100019870101_100020061231 |b 1987 - 2006 | ||



